Datum a čas kvízu
35.5
Celkem bodů
Celkový počet nahraných bodů na tomto kvízu bez doplňovacích otázek.
2.
Pořadí na kvízu
Konečné umístění týmu na tomto kvízu.
Zaznamenané odpovědi
| # | Otázka | Odpověď | Body | Výsledky |
|---|---|---|---|---|
| 1. | Praha plánuje přejmenovat námě... | Boris Němcov | 1 | |
| 2. | Když policejní oddělení v Seve... | Sauron | 1 | |
| 3. | Obvykle se naše aktuální událo... | Ivan Král | 1 | |
| 4. | Svět mobilních telefonů minulý... | Blackberry | 0 | |
| 5. | Letošní 54. Super Bowl, neboli... | Kansas City Chiefs, San Francisco 49ers | 0 | |
| 6. | Další díl naší cesty kolem svě... | Ohio, Oklahoma, Oregon | 1 | |
| 7. | Tento americký generál a indiá... | George Cluster, Sedící býk (Sitting Bull) | 1 | |
| 8. | Fakt, že se ve Spojených státe... | 1B 2C 3D 4A | 0 | |
| 9. | Která řeka "vyřezala" do kraji... | A | 1 | |
| 10. | Ze Spojených států pochází nep... | Katy Perry | 1 |